Logo CIB grande

Modern Control Systems (Registro nro. 236832)

Detalles MARC
000 -LEADER
campo de control de longitud fija 00587nam a2200205Ia 4500
005 - FECHA Y HORA DE LA ÚLTIMA TRANSACCIÓN
campo de control 20250425162815.0
008 - DATOS DE LONGITUD FIJA--INFORMACIÓN GENERAL
campo de control de longitud fija 250425s9999 xx 000 0 und d
020 ## - NÚMERO INTERNACIONAL ESTÁNDAR DEL LIBRO
Número Internacional Estándar del Libro 9780134407623
041 ## - CÓDIGO DE IDIOMA
--
Código de lengua original eng
082 ## - NÚMERO DE LA CLASIFICACIÓN DECIMAL DEWEY
Número de clasificación 629.8
Iniciales del Autor DOR
010 ## - NÚMERO DE CONTROL DE LA BIBLIOTECA DEL CONGRESO
Número de control de LC 109388
100 ## - ENTRADA PRINCIPAL--NOMBRE DE PERSONA
Nombre de persona Dorf, Richard C.
245 #0 - MENCIÓN DEL TÍTULO
Título Modern Control Systems
Mención de responsabilidad, etc. Richard C. Dorf; Robert H. Bishop
260 ## - PUBLICACIÓN, DISTRIBUCIÓN, ETC.
Lugar de publicación, distribución, etc. Hoboken
Nombre del editor, distribuidor, etc. Pearson Education
Fecha de publicación, distribución, etc. 2017
300 ## - DESCRIPCIÓN FÍSICA
Extensión 995 páginas
Otras características físicas Ilustrado
Dimensiones 24 cm
500 ## - NOTA GENERAL
Nota general Tabla de contenido, Indice, Referencia
650 ## - PUNTO DE ACCESO ADICIONAL DE MATERIA--TÉRMINO DE MATERIA
Término de materia o nombre geográfico como elemento de entrada Sistema de control
700 ## - ENTRADA AGREGADA--NOMBRE PERSONAL
Nombre de persona Bishop, Robert H.
942 ## - ELEMENTOS DE ENTRADA SECUNDARIOS (KOHA)
Tipo de ítem Koha Libros
Existencias
Estatus retirado Estado de pérdida Estado de daño No para préstamo Biblioteca de origen Biblioteca actual Fecha de adquisición Coste, precio normal de compra Etiqueta RFID Total de préstamos Código de barras Copia número Tipo de ítem Koha Nota pública Fuente de la clasificación o esquema de estantería Total de renovaciones Signatura topográfica completa Visto por última vez Fecha del último préstamo
        CENTRO DE INFORMACIÓN BIBLIOTECARIA CENTRO DE INFORMACIÓN BIBLIOTECARIA 15/06/2021 94.00 0000000000000000035524   80503 2 Libros Compra a SIMON PEÑA          
        CENTRO DE INFORMACIÓN BIBLIOTECARIA CENTRO DE INFORMACIÓN BIBLIOTECARIA 15/06/2021 94.00 0000000000000000035517   80513 3 Libros Compra a SIMON PEÑA          
        CENTRO DE INFORMACIÓN BIBLIOTECARIA CENTRO DE INFORMACIÓN BIBLIOTECARIA 15/06/2021 94.00 0000000000000000035516   80514 4 Libros Compra a SIMON PEÑA          
        CENTRO DE INFORMACIÓN BIBLIOTECARIA CENTRO DE INFORMACIÓN BIBLIOTECARIA 15/06/2021 94.00 0000000000000000035734 2 80515 5 Libros Compra a SIMON PEÑA Clasificación Decimal Dewey 2 629.8 DOR 25/06/2025 18/06/2025
        CENTRO DE INFORMACIÓN BIBLIOTECARIA CENTRO DE INFORMACIÓN BIBLIOTECARIA 15/06/2021 94.00 0000000000000000035733   80516 6 Libros Compra a SIMON PEÑA          
        CENTRO DE INFORMACIÓN BIBLIOTECARIA CENTRO DE INFORMACIÓN BIBLIOTECARIA 14/09/2020 0.01 0000000000000000035273 1 80323 1 Libros Compra a SIMON PEÑA       27/08/2025 27/08/2025

Copyright 2025 ESPOL. Todos los derechos reservados.